000 00495nam a22001817a 4500
005 20260202104553.0
008 260202b |||||||| |||| 00| 0 eng d
020 _a9789389538922
_c725.00
040 _aMAIN
041 _aEnglish
082 _a004.6
_bTIT
100 _aTittel, ED
_926154
245 _aSchaum`s outline of theory and problems of computer networking
260 _aNew York
_bMcGraw Hill Education
_c2020
300 _a318
700 _aComputer Science
_926155
942 _cBK
999 _c60198
_d60198